| 000 | 00972cab a2200229 4500 | ||
|---|---|---|---|
| 001 | ##L134320 | ||
| 008 | 060726n2006 000 0 eng u | ||
| 035 | _a(Sirsi) u134320 | ||
| 041 | 0 | _aeng | |
| 100 | 1 | _aHamilton, Patrick | |
| 245 | 0 | 0 |
_aLeisure _bspecial report |
| 260 | _c2006 | ||
| 490 | 0 |
_aProperty Week _v71(29) 21 July 2006, 81-89(6) |
|
| 520 | _aLooks at how the Licensing Act 2004 allowing late-night drinking in pubs and bars is leading to tough times for nightclubs; the success of the first boutique bowling venue, combining sophisticated diner and bar with bowling lanes; high confidence in pubs as evidenced by booming investment in the sector; and cinema operators overhauling foyer space to improve food and leisure facilities. | ||
| 590 | _aIKA010806 | ||
| 651 | 4 |
_aUnited Kingdom _y |
|
| 690 | _aPROPERTY-COMMERCIAL PROPERTY-LEISURE PROPERTY | ||
| 700 | 1 | _aBenzine, Adam | |
| 700 | 1 | _aChamp, Hamish | |
| 700 | 1 | _aGoldie, Anna | |
| 942 | _n0 | ||
| 999 |
_c77455 _d77455 |
||